Wiederkehr des "Volksgeistes"?: Ethnizität, Konflikt und politische Bewältigung
| Beteiligte: | |
|---|---|
| Medienart: | Druck Buch |
| Sprache: | Deutsch |
| Veröffentlicht: |
Opladen
Leske + Budrich
1998
|
| In: | Jahr: 1998 |
| Online-Zugang: |
Cover Cover Inhaltsverzeichnis Inhaltsverzeichnis Inhaltsverzeichnis Verlag |
| Bestand in Tübingen: | In Tübingen vorhanden. IFK: O XI 77 |
| Verfügbarkeit prüfen: | HBZ Gateway |
| Subito Bestelldienst: | Jetzt bestellen. |
| Schlagwörter: |
MARC
| LEADER | 00000cam a2200000 c 4500 | ||
|---|---|---|---|
| 001 | 242783538 | ||
| 003 | DE-627 | ||
| 005 | 20260206193447.0 | ||
| 007 | tu | ||
| 008 | 980416s1998 gw ||||| 00| ||ger c | ||
| 015 | |a 98,A36,0325 |2 dnb | ||
| 016 | 7 | |a 954089898 |2 DE-101 | |
| 020 | |a 3810020737 |9 3-8100-2073-7 | ||
| 035 | |a (DE-627)242783538 | ||
| 035 | |a (DE-603)055762301 | ||
| 035 | |a (DE-576)063558386 | ||
| 035 | |a (DE-599)GBV242783538 | ||
| 035 | |a (OCoLC)245784484 | ||
| 035 | |a (OCoLC)40302221 | ||
| 035 | |a (DE-604)8120410966 | ||
| 035 | |a (DE-H357)his10667 | ||
| 035 | |a (JUB)b10623899 | ||
| 040 | |a DE-627 |b ger |c DE-627 |e rakwb | ||
| 041 | |a ger | ||
| 044 | |c XA-DE | ||
| 050 | 0 | |a HM1121 | |
| 084 | |a 14 |a 25 |a 16 |2 sdnb | ||
| 084 | |a MS 3530 |2 rvk |0 (DE-625)rvk/123683: | ||
| 084 | |a MS 3300 |2 rvk |0 (DE-625)rvk/123679: | ||
| 084 | |a MC 7100 |2 rvk |0 (DE-625)rvk/122416: | ||
| 084 | |a 71.62 |2 bkl | ||
| 090 | |a a | ||
| 245 | 0 | 0 | |a Wiederkehr des "Volksgeistes"? |b Ethnizität, Konflikt und politische Bewältigung |c Roland Eckert (Hrsg.) |
| 264 | 1 | |a Opladen |b Leske + Budrich |c 1998 | |
| 300 | |a 390 S. |b graph. Darst. | ||
| 336 | |a Text |b txt |2 rdacontent | ||
| 337 | |a ohne Hilfsmittel zu benutzen |b n |2 rdamedia | ||
| 338 | |a Band |b nc |2 rdacarrier | ||
| 500 | |a Literaturangaben | ||
| 505 | 8 | |a Literaturangaben | |
| 583 | 1 | |a Archivierung/Langzeitarchivierung gewährleistet |f SLG |x XA-DE-NI |z Bücherarchiv der GWV-Verlage |2 pdager |5 DE-84 | |
| 650 | 0 | 7 | |0 (DE-588)4070982-6 |0 (DE-627)10609890X |0 (DE-576)209182482 |a Ethnozentrismus |2 gnd |
| 650 | 0 | 7 | |0 (DE-588)4244141-9 |0 (DE-627)104836490 |0 (DE-576)210460466 |a Fremdenfeindlichkeit |2 gnd |
| 650 | 0 | 7 | |0 (DE-588)4055747-9 |0 (DE-627)106156942 |0 (DE-576)209115238 |a Sozialer Konflikt |2 gnd |
| 650 | 0 | 7 | |0 (DE-588)4169999-3 |0 (DE-627)104392975 |0 (DE-576)209926821 |a Minderheitenfrage |2 gnd |
| 650 | 4 | |a Rassismus | |
| 650 | 4 | |a Fremdenfeindlichkeit | |
| 650 | 4 | |a Ethnizität | |
| 650 | 4 | |a Ethnozentrismus | |
| 650 | 4 | |a Ethnischer Konflikt | |
| 650 | 4 | |a Identität | |
| 650 | 4 | |a Ethnie | |
| 650 | 4 | |a Nationalismus | |
| 650 | 4 | |a Fremdenfeindlichkeit | |
| 650 | 4 | |a Identität | |
| 650 | 4 | |a Minderheit | |
| 650 | 4 | |a Konfliktlösung | |
| 650 | 4 | |a Gewalt | |
| 650 | 4 | |a Krieg, Theorie | |
| 653 | 0 | |a a |a Violence | |
| 653 | 0 | |a a |a Ethnicity | |
| 653 | 0 | |a a |a Ethnocentrism | |
| 653 | 0 | |a a |a Intergroup relations | |
| 653 | 0 | |a Violence | |
| 653 | 0 | |a Ethnicity | |
| 653 | 0 | |a Ethnocentrism | |
| 653 | 0 | |a Intergroup relations | |
| 655 | 7 | |a Aufsatzsammlung |0 (DE-588)4143413-4 |0 (DE-627)105605727 |0 (DE-576)209726091 |2 gnd-content | |
| 689 | 0 | 0 | |d s |0 (DE-588)4070982-6 |0 (DE-627)10609890X |0 (DE-576)209182482 |a Ethnozentrismus |2 gnd |
| 689 | 0 | 1 | |d s |0 (DE-588)4244141-9 |0 (DE-627)104836490 |0 (DE-576)210460466 |a Fremdenfeindlichkeit |2 gnd |
| 689 | 0 | 2 | |d s |0 (DE-588)4055747-9 |0 (DE-627)106156942 |0 (DE-576)209115238 |a Sozialer Konflikt |2 gnd |
| 689 | 0 | |5 DE-101 | |
| 689 | 1 | 0 | |d s |0 (DE-588)4169999-3 |0 (DE-627)104392975 |0 (DE-576)209926821 |a Minderheitenfrage |2 gnd |
| 689 | 1 | |5 DE-101 | |
| 700 | 1 | |a Eckert, Roland |d 1937- |e Hrsg. |0 (DE-588)106798154 |0 (DE-627)492498709 |0 (DE-576)16082317X |4 edt | |
| 856 | 4 | 2 | |u https://swbplus.bsz-bw.de/bsz063558386cov.jpg |m V:DE-576 |m X:springer |q image/jpeg |v 20140212102812 |3 Cover |7 1 |
| 856 | 4 | 2 | |u https://swbplus.bsz-bw.de/bsz063558386inh.htm |m V:DE-576 |v 2008-09-09 |3 Inhaltsverzeichnis |7 1 |
| 856 | 4 | 2 | |u http://www.gbv.de/dms/hebis-darmstadt/toc/55762301.pdf |m V:DE-603 |m B:DE-17 |q pdf/application |x Verlag |y Inhaltsverzeichnis |3 Inhaltsverzeichnis |7 1 |
| 856 | 4 | 2 | |u http://scans.hebis.de/HEBCGI/show.pl?05576230_toc.pdf |m V:DE-603;B:DE-17 |q application/pdf |3 Inhaltsverzeichnis |7 1 |
| 856 | 4 | 2 | |u http://scans.hebis.de/HEBCGI/show.pl?05576230_cov.jpg |m V:DE-576;X:springer |q image/jpeg |3 Cover |7 1 |
| 856 | 4 | 2 | |u https://d-nb.info/954089898/04 |x Verlag |7 1 |
| 889 | |w (DE-627)327177195 | ||
| 935 | |i mdedup | ||
| 935 | |i sf | ||
| 935 | |i Blocktest | ||
| 936 | r | v | |a MS 3530 |b Rassismus |k Soziologie |k Spezielle Soziologien |k Soziologie der Minoritäten und Randgruppen |k Rassismus |0 (DE-627)1271103672 |0 (DE-625)rvk/123683: |0 (DE-576)201103672 |
| 936 | r | v | |a MS 3300 |b Allgemeine Literatur |k Soziologie |k Spezielle Soziologien |k Soziologie der Minoritäten und Randgruppen |k Allgemeine Literatur |0 (DE-627)1270879677 |0 (DE-625)rvk/123679: |0 (DE-576)200879677 |
| 936 | r | v | |a MC 7100 |b Nationalismus |k Politologie |k Geschichte der politischen Philosophie und der Ideologien |k Ideologien und Massenbewegungen |k Nationalismus |0 (DE-627)1271307243 |0 (DE-625)rvk/122416: |0 (DE-576)201307243 |
| 936 | b | k | |a 71.62 |j Ethnische Beziehungen |0 (DE-627)106410423 |
| 936 | s | n | |a m100 |2 mzub |
| 936 | s | n | |a m200 |2 mzub |
| 936 | s | n | |a l100 |2 mzub |
| 938 | 1 | 0 | |0 (DE-627)1756207771 |0 (DE-615)6608923 |a Ethnozentrismus |2 fivt |
| 938 | 1 | 0 | |0 (DE-627)1756151369 |0 (DE-615)6605339 |a Fremdenfeindlichkeit |2 fivt |
| 938 | 1 | 0 | |0 (DE-627)1756241643 |0 (DE-615)6605959 |a Sozialer Konflikt |2 fivt |
| 938 | 1 | 0 | |0 (DE-627)1756186618 |0 (DE-615)6604682 |a Ethnischer Konflikt |2 fivt |
| 951 | |a BO | ||
| ELC | |b 1 | ||
| LOK | |0 000 xxxxxcx a22 zn 4500 | ||
| LOK | |0 001 3226771248 | ||
| LOK | |0 003 DE-627 | ||
| LOK | |0 004 242783538 | ||
| LOK | |0 005 20010123000000 | ||
| LOK | |0 008 990512||||||||||||||||ger||||||| | ||
| LOK | |0 040 |a DE-21-110 |c DE-627 |d DE-21-110 | ||
| LOK | |0 852 |a DE-21-110 | ||
| LOK | |0 852 1 |c O XI 77 |m p |9 00 | ||
| LOK | |0 935 |a k110 | ||
| LOK | |0 936ln |a 7.3.1.5 | ||
| LOK | |0 938 |k p | ||
| LOK | |0 939 |a 12-05-99 |b l01 | ||
| ORI | |a SA-MARC-krimdoka001.raw | ||
| SIG | |a IFK: O XI 77 | ||
